000 00525nam a2200193Ia 4500
005 20250508150933.0
008 008 250505s9999 xx 000 0 eng d
037 _aTextual
040 _aFEDL
_beng
_cFEDL
041 _aeng
_2eng
084 _a100, WAU
_qFEDL
100 _aWauchope O S
_9757991
245 0 _aDeviation into sense: The nature of explanation
260 _aLondon, UK
_bFaber and Faber
300 _a163p.
650 _aPhilosophy
942 _cTEXL
_h100, WAU
999 _c1326600
_d1326600